[Event "Barcelona Sants op-A18th"]
[Site "Barcelona"]
[Date "2016.08.21"]
[Round "3"]
[White "Galby, Vassili"]
[Black "Porta Tovar, Guillem"]
[Result "0-1"]
[WhiteElo "2076"]
[BlackElo "2249"]
[PlyCount "80"]
[EventDate "2016.08.19"]
[EventType "swiss"]
[EventRounds "10"]
[EventCountry "ESP"]
[SourceTitle "CBM 174 Extra"]
[Source "ChessBase"]
[SourceDate "2016.10.10"]
[SourceVersion "1"]
[SourceVersionDate "2016.10.10"]
[SourceQuality "1"]

1. Nf3 Nf6 2. c4 d6 3. d4 g6 4. Nc3 Bg7 5. e4 0-0 6. Be2 Bg4 7. Be3 Nbd7 8. 0-0 e5 9. d5 Ne8 10. Nd2 Bxe2 11. Qxe2 f5 12. f3 f4 13. Bf2 g5 14. Rfc1 h5 15. Kh1 Rf7 16. b4 Bf8 17. a4 Rg7 18. a5 g4 19. Bg1 g3 20. h3 Ndf6 21. a6 b6 22. c5 Nh7 23. Nc4 Qh4 24. cxb6 axb6 25. Bxb6 Ng5 26. Kg1 Nxh3+ 27. Kf1 cxb6 28. Nxb6 Ng1 29. Qd1 Qh1 30. Nxa8 Nh3+ 31. Ke2 Qxg2+ 32. Kd3 Nf2+ 33. Kc4 Nxd1 34. Rxd1 Qf2 35. b5 Qa7 36. b6 Qxa8 37. Kb4 h4 38. Nb5 h3 39. Rdc1 g2 40. Rc6 h2 0-1

[Event "FRA-chT2 South 0809"]
[Site "France"]
[Date "2009.02.08"]
[Round "7.6"]
[White "Relea, Nicolas"]
[Black "Galby, Vassili"]
[Result "1-0"]
[WhiteElo "2179"]
[BlackElo "2091"]
[PlyCount "27"]
[EventDate "2008.10.12"]
[EventType "team-tourn"]
[EventRounds "11"]
[EventCountry "FRA"]
[SourceTitle "EXT 2010"]
[Source "ChessBase"]
[SourceDate "2010.11.25"]
[SourceVersion "1"]
[SourceVersionDate "2010.11.25"]
[SourceQuality "1"]
[WhiteTeam "Condom"]
[BlackTeam "Ramonville"]
[WhiteTeamCountry "FRA"]
[BlackTeamCountry "FRA"]

1. Nc3 c5 2. e4 Nc6 3. Bb5 Nd4 4. Bc4 g6 5. Nf3 Bg7 6. 0-0 e6 7. Nxd4 cxd4 8. Nb5 d5 9. exd5 exd5 10. Bxd5 a6 11. Qf3 Nf6 12. Re1+ Kf8 13. Qa3+ Kg8 14. Bxf7+ 1-0

[Event "FRA-ch op-A"]
[Site "Pau"]
[Date "2008.08.16"]
[Round "5"]
[White "Samoun, Florent"]
[Black "Galby, Vassili"]
[Result "1/2-1/2"]
[WhiteElo "2006"]
[BlackElo "2086"]
[PlyCount "93"]
[EventDate "2008.08.11"]
[EventType "swiss"]
[EventRounds "9"]
[EventCountry "FRA"]
[SourceTitle "CBM 126 Extra"]
[Source "ChessBase"]
[SourceDate "2008.11.05"]
[SourceVersion "1"]
[SourceVersionDate "2008.11.05"]
[SourceQuality "1"]

1. e4 c5 2. Nc3 Nc6 3. g3 g6 4. Bg2 Bg7 5. d3 d6 6. Be3 e5 7. Nge2 Nge7 8. 0-0 0-0 9. Rb1 Nd4 10. b4 cxb4 11. Rxb4 Nxe2+ 12. Nxe2 d5 13. d4 dxe4 14. dxe5 Nd5 15. Rxe4 Bf5 16. Bc5 Bxe4 17. Bxe4 Nb6 18. Bxf8 Qxf8 19. e6 fxe6 20. Bxb7 Rd8 21. Qe1 Qf7 22. Bg2 e5 23. Qa5 Kh8 24. Nc3 Rd4 25. Qb5 Qc4 26. Qe8+ Qg8 27. Qe7 Rd7 28. Qc5 Qf8 29. Qxf8+ Bxf8 30. Rd1 Rc7 31. Rd3 Bb4 32. Rd8+ Kg7 33. Nd5 Nxd5 34. Bxd5 Rxc2 35. Rd7+ Kh6 36. Bb3 Rd2 37. Rc7 Kg5 38. Kg2 h5 39. Bg8 a5 40. h4+ Kf5 41. Rf7+ Ke6 42. Kh3 e4 43. Ra7+ Ke5 44. a3 Bc3 45. Re7+ Kf5 46. Rf7+ Ke5 47. Re7+ 1/2-1/2

[Event "FRA-ch op-A"]
[Site "Pau"]
[Date "2008.08.14"]
[Round "3"]
[White "Zarrouati, Pierre"]
[Black "Galby, Vassili"]
[Result "1-0"]
[WhiteElo "2188"]
[BlackElo "2086"]
[PlyCount "83"]
[EventDate "2008.08.11"]
[EventType "swiss"]
[EventRounds "9"]
[EventCountry "FRA"]
[SourceTitle "CBM 126 Extra"]
[Source "ChessBase"]
[SourceDate "2008.11.05"]
[SourceVersion "1"]
[SourceVersionDate "2008.11.05"]
[SourceQuality "1"]

1. d4 Nf6 2. Nf3 g6 3. c4 Bg7 4. Nc3 0-0 5. e3 d6 6. Be2 Nbd7 7. 0-0 e5 8. Qc2 c6 9. Rd1 Qe7 10. d5 c5 11. a3 a5 12. Rb1 Nh5 13. b4 axb4 14. axb4 b6 15. Nd2 f5 16. Bxh5 gxh5 17. e4 Nf6 18. f3 h4 19. exf5 Nh5 20. Nde4 Bxf5 21. bxc5 bxc5 22. Rb6 Nf4 23. Qb2 Rad8 24. Be3 Bh6 25. Bxc5 Qg7 26. Rxd6 Bh3 27. Rxd8 Rxd8 28. g3 Nh5 29. Kf2 Kh8 30. Ne2 Nf6 31. Nxf6 Qxf6 32. Qb6 hxg3+ 33. hxg3 Bg7 34. Qxf6 Bxf6 35. Be3 Bf5 36. c5 e4 37. c6 exf3 38. Kxf3 Kg8 39. d6 Kf7 40. d7 Bxd7 41. cxd7 Ke7 42. Bc5+ 1-0

[Event "FRA-ch op-A"]
[Site "Pau"]
[Date "2008.08.13"]
[Round "2"]
[White "Galby, Vassili"]
[Black "Guezennec, Franck"]
[Result "1/2-1/2"]
[WhiteElo "2086"]
[BlackElo "2190"]
[PlyCount "104"]
[EventDate "2008.08.11"]
[EventType "swiss"]
[EventRounds "9"]
[EventCountry "FRA"]
[SourceTitle "CBM 126 Extra"]
[Source "ChessBase"]
[SourceDate "2008.11.05"]
[SourceVersion "1"]
[SourceVersionDate "2008.11.05"]
[SourceQuality "1"]

1. Nf3 Nf6 2. c4 e6 3. Nc3 c5 4. g3 Nc6 5. Bg2 Be7 6. 0-0 0-0 7. e4 d6 8. d4 cxd4 9. Nxd4 Qc7 10. Be3 a6 11. Rc1 Nxd4 12. Bxd4 Bd7 13. Qe2 Rac8 14. b3 Qa5 15. e5 dxe5 16. Qxe5 Qb4 17. Ne4 Bc6 18. Bc3 Qa3 19. Nxf6+ Bxf6 20. Qa5 Qxa5 21. Bxa5 Bxg2 22. Kxg2 Bd8 23. Bxd8 Rfxd8 24. Rfd1 Kf8 25. f4 Ke7 26. Kf2 a5 27. Ke2 Kf6 28. Ke3 Kf5 29. Rxd8 Rxd8 30. c5 Kg4 31. c6 bxc6 32. Rxc6 Rd5 33. Rc7 Rf5 34. a3 h5 35. b4 axb4 36. axb4 g5 37. fxg5 Rxg5 38. Rxf7 Kh3 39. Rf2 Rb5 40. Rb2 Kg4 41. Kd4 Kf3 42. Kc4 Rb8 43. b5 e5 44. Kd5 e4 45. b6 e3 46. Kc6 e2 47. Rb1 Kf2 48. Kc7 Re8 49. b7 e1Q 50. Rxe1 Kxe1 51. h3 Kf1 52. g4 hxg4 1/2-1/2

[Event "Saint Affrique op 16th"]
[Site "Saint Affrique"]
[Date "2008.07.21"]
[Round "3"]
[White "Galby, Vassili"]
[Black "Grignon, Maxime"]
[Result "0-1"]
[WhiteElo "2086"]
[BlackElo "1830"]
[PlyCount "58"]
[EventDate "2008.07.19"]
[EventType "swiss"]
[EventRounds "9"]
[EventCountry "FRA"]
[SourceTitle "CBM 125 Extra"]
[Source "ChessBase"]
[SourceDate "2008.09.01"]
[SourceVersion "1"]
[SourceVersionDate "2008.09.01"]
[SourceQuality "1"]

1. Nf3 Nf6 2. c4 c6 3. Nc3 d5 4. d4 a6 5. a4 e6 6. Bg5 a5 7. e3 Be7 8. Rc1 0-0 9. Bd3 Na6 10. 0-0 Nb4 11. Bb1 b6 12. b3 Ba6 13. Qe2 c5 14. Rfd1 cxd4 15. exd4 Rc8 16. Ne5 dxc4 17. bxc4 Qc7 18. Bxf6 Bxf6 19. Bxh7+ Kxh7 20. Qh5+ Kg8 21. Ne4 Bxe5 22. dxe5 Rfd8 23. Nf6+ gxf6 24. exf6 Qf4 25. Rc3 Qxf6 26. Rg3+ Kf8 27. Rxd8+ Rxd8 28. h4 Rd4 29. Rf3 Rxh4 0-1

[Event "FRA-chT2 South 0708"]
[Site "France"]
[Date "2008.04.06"]
[Round "11.7"]
[White "Mirabel, Marcel"]
[Black "Galby, Vassili"]
[Result "1/2-1/2"]
[WhiteElo "1894"]
[BlackElo "2079"]
[PlyCount "28"]
[EventDate "2007.10.21"]
[EventType "team"]
[EventRounds "11"]
[EventCountry "FRA"]
[SourceTitle "EXT 2009"]
[Source "ChessBase"]
[SourceDate "2008.11.26"]
[SourceVersion "1"]
[SourceVersionDate "2008.11.26"]
[SourceQuality "1"]
[WhiteTeam "Monaco"]
[BlackTeam "Ramonville"]
[WhiteTeamCountry "FRA"]
[BlackTeamCountry "FRA"]

1. e4 c5 2. Nf3 Nc6 3. Bb5 g6 4. Bxc6 dxc6 5. d3 Bg7 6. c3 e5 7. Be3 Qe7 8. Qe2 Nf6 9. h3 Nd7 10. Na3 Nf8 11. Nc2 Ne6 12. 0-0 0-0 13. Rfe1 Rd8 14. Rad1 Bd7 1/2-1/2

[Event "FRA-chT2 South 0708"]
[Site "France"]
[Date "2008.04.05"]
[Round "10.5"]
[White "Galby, Vassili"]
[Black "Bes, Stephane"]
[Result "1/2-1/2"]
[WhiteElo "2079"]
[BlackElo "2125"]
[PlyCount "122"]
[EventDate "2007.10.21"]
[EventType "team"]
[EventRounds "11"]
[EventCountry "FRA"]
[SourceTitle "EXT 2009"]
[Source "ChessBase"]
[SourceDate "2008.11.26"]
[SourceVersion "1"]
[SourceVersionDate "2008.11.26"]
[SourceQuality "1"]
[WhiteTeam "Ramonville"]
[BlackTeam "Nice"]
[WhiteTeamCountry "FRA"]
[BlackTeamCountry "FRA"]

1. Nf3 d5 2. d4 Nf6 3. c4 c6 4. cxd5 cxd5 5. Nc3 Nc6 6. Bf4 Bf5 7. e3 e6 8. Bb5 Nd7 9. 0-0 Rc8 10. Qa4 a6 11. Be2 Nb6 12. Qd1 Be7 13. Bd3 Bg6 14. Bxg6 hxg6 15. Qe2 0-0 16. Rfc1 Na5 17. Ne5 Nbc4 18. Nd3 b6 19. Nb1 Qd7 20. Nd2 Nxd2 21. Qxd2 Nc4 22. Qd1 Qb7 23. b3 Na5 24. Rxc8 Rxc8 25. Rc1 Ba3 26. Rxc8+ Qxc8 27. Qd2 f6 28. Kf1 Qc6 29. Ke1 Qb5 30. f3 g5 31. Bg3 Nc6 32. Kd1 a5 33. Be1 Bd6 34. h3 Bb4 35. Qc2 Ba3 36. Bd2 Kf7 37. Ke1 Ke7 38. Bc1 Bb4+ 39. Bd2 Ba3 40. Bc1 Bb4+ 41. Bd2 Bxd2+ 42. Kxd2 Kd6 43. Qc3 a4 44. b4 e5 45. dxe5+ fxe5 46. a3 d4 47. exd4 exd4 48. Qc2 Ne5 49. Nxe5 Qxe5 50. Qg6+ Kd5 51. Qf7+ Kc6 52. Qg6+ Kd5 53. Qd3 Qe3+ 54. Kc2 Qf2+ 55. Kd1 Qg1+ 56. Kc2 Qxg2+ 57. Kd1 Qg1+ 58. Kc2 Qf2+ 59. Kd1 Qg1+ 60. Kc2 Qf2+ 61. Kd1 Qg1+ 1/2-1/2

[Event "FRA-chT2 South 0708"]
[Site "France"]
[Date "2008.03.16"]
[Round "9.7"]
[White "Peray, Sebastien"]
[Black "Galby, Vassili"]
[Result "1/2-1/2"]
[WhiteElo "2167"]
[BlackElo "2069"]
[PlyCount "124"]
[EventDate "2007.10.21"]
[EventType "team"]
[EventRounds "11"]
[EventCountry "FRA"]
[SourceTitle "EXT 2009"]
[Source "ChessBase"]
[SourceDate "2008.11.26"]
[SourceVersion "1"]
[SourceVersionDate "2008.11.26"]
[SourceQuality "1"]
[WhiteTeam "Vitrolles"]
[BlackTeam "Ramonville"]
[WhiteTeamCountry "FRA"]
[BlackTeamCountry "FRA"]

1. e4 c5 2. Nf3 Nc6 3. Bb5 g6 4. 0-0 Bg7 5. Re1 Nf6 6. c3 0-0 7. h3 Ne8 8. d3 Nc7 9. Bxc6 dxc6 10. Be3 b6 11. Qd2 e5 12. Na3 Ne6 13. Nc4 f6 14. a4 Ba6 15. Qc2 Bxc4 16. dxc4 a5 17. Red1 Qc7 18. Rd2 Rfd8 19. Rad1 Rxd2 20. Rxd2 Rd8 21. Qd1 Rxd2 22. Qxd2 Bf8 23. Ne1 Qd6 24. Qxd6 Bxd6 25. Nd3 Bc7 26. g3 Kf7 27. Kg2 Ke7 28. f4 exf4 29. gxf4 Ng7 30. Kf3 f5 31. b4 cxb4 32. cxb4 axb4 33. c5 b5 34. axb5 cxb5 35. Nxb4 fxe4+ 36. Kxe4 Kd7 37. Kd5 Nf5 38. c6+ Ke7 39. Bc5+ Kf6 40. Ke4 Ke6 41. Na6 Nd6+ 42. Kd4 Nf5+ 43. Ke4 Ba5 44. Nb8 Nd6+ 45. Kd4 b4 46. Bxd6 Kxd6 47. Kc4 Bc7 48. Na6 b3 49. Kxb3 Kxc6 50. Nxc7 Kxc7 51. Kc4 Kc6 52. Kd4 Kd6 53. Ke4 Ke6 54. Ke3 Kf6 55. Ke4 Ke6 56. Ke3 Kd5 57. Kd3 h6 58. Ke3 Kd6 59. Kd4 Ke6 60. Ke4 Kf6 61. Ke3 Kf5 62. Kf3 Kf6 1/2-1/2

[Event "FRA-chT2 South 0708"]
[Site "France"]
[Date "2008.01.20"]
[Round "6.7"]
[White "Lagunes, Jean Renaud"]
[Black "Galby, Vassili"]
[Result "0-1"]
[WhiteElo "2072"]
[BlackElo "2069"]
[PlyCount "88"]
[EventDate "2007.10.21"]
[EventType "team"]
[EventRounds "11"]
[EventCountry "FRA"]
[SourceTitle "EXT 2009"]
[Source "ChessBase"]
[SourceDate "2008.11.26"]
[SourceVersion "1"]
[SourceVersionDate "2008.11.26"]
[SourceQuality "1"]
[WhiteTeam "Echiquier Bordelais"]
[BlackTeam "Ramonville"]
[WhiteTeamCountry "FRA"]
[BlackTeamCountry "FRA"]

1. e4 c5 2. Nf3 Nc6 3. Bb5 g6 4. Bxc6 dxc6 5. d3 Bg7 6. 0-0 Nf6 7. Qe2 Nd7 8. a4 e5 9. a5 Nf8 10. Be3 Ne6 11. Nbd2 0-0 12. Nc4 f6 13. Nfd2 Qe7 14. f3 Rd8 15. Qf2 Nd4 16. Rfc1 Bd7 17. c3 Ne6 18. Nb3 Bf8 19. Rd1 Be8 20. g3 g5 21. Rd2 Bf7 22. Kh1 Kh8 23. Rad1 Rd7 24. Qg1 Rad8 25. Bf2 Bh5 26. g4 Bf7 27. Ne3 Ng7 28. Nf5 Nxf5 29. Nxc5 Nh4 30. Nxd7 Nxf3 31. Qg2 Nxd2 32. Nxf8 Nb3 33. Nxh7 Kxh7 34. Bxa7 Nc5 35. Qf3 Ne6 36. Bb6 Rh8 37. Ra1 Kg7 38. b4 Nf4 39. Bc5 Qd7 40. d4 Rh3 41. Qd1 Bg6 42. dxe5 Bxe4+ 43. Kg1 Rd3 44. exf6+ Kg6 0-1

[Event "FRA-chT2 South 0708"]
[Site "France"]
[Date "2008.01.19"]
[Round "5.7"]
[White "Galby, Vassili"]
[Black "Lafeuille, Bernard"]
[Result "0-1"]
[WhiteElo "2069"]
[BlackElo "1910"]
[PlyCount "74"]
[EventDate "2007.10.21"]
[EventType "team"]
[EventRounds "11"]
[EventCountry "FRA"]
[SourceTitle "EXT 2009"]
[Source "ChessBase"]
[SourceDate "2008.11.26"]
[SourceVersion "1"]
[SourceVersionDate "2008.11.26"]
[SourceQuality "1"]
[WhiteTeam "Ramonville"]
[BlackTeam "Chamalieres"]
[WhiteTeamCountry "FRA"]
[BlackTeamCountry "FRA"]

1. Nf3 f5 2. c4 Nf6 3. g3 e6 4. Bg2 Be7 5. 0-0 0-0 6. d4 d6 7. Nc3 Ne4 8. Qc2 Nxc3 9. Qxc3 a5 10. b3 Nc6 11. Bb2 Bf6 12. Rad1 Qe8 13. a3 e5 14. Qc2 e4 15. Ne1 Bd7 16. f3 exf3 17. exf3 Qe3+ 18. Kh1 Nxd4 19. Bxd4 Bxd4 20. f4 Bc5 21. Bxb7 Rab8 22. Ng2 Qe8 23. Rfe1 Qd8 24. Bd5+ Kh8 25. Nh4 Qf6 26. a4 Bb4 27. Re3 Rfe8 28. Qe2 Rxe3 29. Qxe3 Re8 30. Qf3 Bc5 31. Qg2 Re3 32. Bc6 Qe7 33. Rf1 g6 34. Bxd7 Qxd7 35. Qb2+ Kg8 36. Rb1 Qe7 37. Qd2 Qe4+ 0-1

[Event "Condom op"]
[Site "Condom"]
[Date "2008.??.??"]
[Round "2"]
[White "Bujisho, Benjamin"]
[Black "Galby, Vassili"]
[Result "1-0"]
[WhiteElo "2402"]
[BlackElo "2086"]
[PlyCount "85"]
[EventDate "2008.07.12"]
[EventType "swiss"]
[EventRounds "9"]
[EventCountry "FRA"]
[SourceTitle "EXT 2009"]
[Source "ChessBase"]
[SourceDate "2008.11.26"]
[SourceVersion "1"]
[SourceVersionDate "2008.11.26"]
[SourceQuality "1"]

1. e4 c5 2. Nf3 Nc6 3. c3 Nf6 4. e5 Nd5 5. d4 cxd4 6. cxd4 d6 7. Bc4 Nb6 8. Bb5 dxe5 9. Nxe5 Bd7 10. Nxd7 Qxd7 11. 0-0 e6 12. Nc3 Be7 13. Qg4 0-0 14. Rd1 Rfd8 15. Bh6 Bf8 16. Ne4 Kh8 17. Nc5 Qc7 18. Bf4 Bd6 19. Bg5 Be7 20. Bxc6 bxc6 21. Bxe7 Qxe7 22. Rac1 Rd5 23. Nb3 Qd7 24. Rd3 h5 25. Qf3 Na4 26. Rd2 Rc8 27. Rdc2 g6 28. h3 Kg7 29. Qe2 Rb5 30. Qxb5 cxb5 31. Rxc8 a5 32. R8c7 Qd6 33. Rb7 Nxb2 34. Rcc7 Qf4 35. Nxa5 Qxd4 36. Rxf7+ Kh6 37. h4 g5 38. Rh7+ Kg6 39. hxg5 Kxg5 40. Rxb5+ Kg4 41. Rhxh5 Qd1+ 42. Kh2 Qd6+ 43. Rbe5 1-0

[Event "Pic d'Anie op 3rd"]
[Site "Pic d'Anie"]
[Date "2006.08.10"]
[Round "4"]
[White "Galby, Vassili"]
[Black "Humeau, Cyril"]
[Result "0-1"]
[WhiteElo "1908"]
[BlackElo "2095"]
[PlyCount "104"]
[EventDate "2006.08.07"]
[EventType "swiss"]
[EventRounds "7"]
[EventCountry "FRA"]
[SourceTitle "CBM 113 Extra"]
[Source "ChessBase"]
[SourceDate "2006.09.14"]
[SourceVersion "1"]
[SourceVersionDate "2006.09.14"]
[SourceQuality "1"]

1. d4 Nf6 2. Nf3 e6 3. e3 c5 4. c4 d5 5. Nc3 dxc4 6. Bxc4 a6 7. 0-0 b5 8. Bb3 Bb7 9. dxc5 Bxc5 10. Qxd8+ Kxd8 11. Rd1+ Ke7 12. a4 b4 13. Ne2 Nc6 14. Ned4 Rac8 15. Nxc6+ Bxc6 16. Ne5 Bb7 17. Bd2 Rhd8 18. Rac1 Ne4 19. Be1 f6 20. Nc4 Rxd1 21. Rxd1 Bd5 22. Na5 Bxb3 23. Nxb3 Bd6 24. Rc1 Rxc1 25. Nxc1 Nc5 26. Bxb4 Nxa4 27. Bxd6+ Kxd6 28. b3 Nb6 29. Kf1 Nd5 30. Ke1 Nb4 31. Kd2 Kc5 32. Nd3+ Nxd3 33. Kxd3 Kb4 34. Kc2 Ka3 35. Kc3 a5 36. f4 f5 37. h3 Ka2 38. g4 g6 39. g5 Kb1 40. Kd4 Kb2 41. Kc4 Kc2 42. h4 Kb2 43. b4 axb4 44. Kxb4 Kc2 45. Kc4 Kd2 46. Kd4 Ke2 47. e4 Kf3 48. exf5 exf5 49. Ke5 Kg4 50. Kf6 Kxf4 51. Kg7 Kg4 52. Kxh7 Kh5 0-1

[Event "Pic d'Anie op 3rd"]
[Site "Pic d'Anie"]
[Date "2006.08.09"]
[Round "3"]
[White "Ferrand, Jean Claude"]
[Black "Galby, Vassili"]
[Result "0-1"]
[WhiteElo "1750"]
[BlackElo "1908"]
[PlyCount "88"]
[EventDate "2006.08.07"]
[EventType "swiss"]
[EventRounds "7"]
[EventCountry "FRA"]
[SourceTitle "CBM 113 Extra"]
[Source "ChessBase"]
[SourceDate "2006.09.14"]
[SourceVersion "1"]
[SourceVersionDate "2006.09.14"]
[SourceQuality "1"]

1. d4 Nf6 2. c4 g6 3. Nf3 Bg7 4. Nc3 0-0 5. e4 d6 6. Be2 e5 7. dxe5 dxe5 8. Qxd8 Rxd8 9. Bg5 Re8 10. Nd5 Nxd5 11. cxd5 c6 12. Rd1 cxd5 13. Rxd5 Be6 14. Rb5 b6 15. b3 Nd7 16. 0-0 a6 17. Rb4 Bf8 18. Rc4 Bxc4 19. Bxc4 Kg7 20. h3 Be7 21. Be3 Bc5 22. Bc1 Nf6 23. Bb2 b5 24. Bd5 Nxd5 25. exd5 f6 26. Nd2 Rad8 27. Ne4 Rxd5 28. Nxc5 Rxc5 29. Rd1 Kf7 30. Ba3 Rc2 31. Rd7+ Kg8 32. Be7 f5 33. Bf6 Re6 34. Bg5 Rxa2 35. Rd8+ Kf7 36. Rd7+ Kf8 37. Rd8+ Re8 38. Rd7 Rb2 39. Rxh7 Rxb3 40. Bh6+ Kg8 41. Rg7+ Kh8 42. Rxg6 a5 43. h4 f4 44. Rg7 Re6 0-1

[Event "Creon op 11th"]
[Site "Creon"]
[Date "2006.08.01"]
[Round "3"]
[White "Sanchez, Joseph"]
[Black "Galby, Vassili"]
[Result "1-0"]
[WhiteElo "2466"]
[BlackElo "1908"]
[PlyCount "55"]
[EventDate "2006.07.31"]
[EventType "swiss"]
[EventRounds "9"]
[EventCountry "FRA"]
[SourceTitle "CBM 113 Extra"]
[Source "ChessBase"]
[SourceDate "2006.09.14"]
[SourceVersion "1"]
[SourceVersionDate "2006.09.14"]
[SourceQuality "1"]

1. e4 c5 2. Nc3 Nc6 3. f4 g6 4. Nf3 Bg7 5. Bc4 e6 6. 0-0 Nge7 7. d3 0-0 8. a3 d5 9. Ba2 Nd4 10. Nxd4 cxd4 11. Ne2 Qb6 12. Kh1 Bd7 13. f5 exf5 14. exd5 Rac8 15. c4 dxc3 16. bxc3 Qa5 17. Bd2 Nxd5 18. c4 Qxa3 19. cxd5 Ba4 20. Qb1 Rc2 21. Bb4 Qxd3 22. Nf4 Qb5 23. Bxf8 Bxa1 24. Qxa1 Qb2 25. Bh6 Rf2 26. Rb1 Qxa1 27. Rxa1 b5 28. Rc1 1-0

[Event "FRA-ch U20"]
[Site "Calvi"]
[Date "2005.04.21"]
[Round "6"]
[White "Pucher, Sebastien"]
[Black "Galby, Vassili"]
[Result "1-0"]
[WhiteElo "2181"]
[BlackElo "1946"]
[PlyCount "55"]
[EventDate "2005.04.??"]
[EventType "swiss"]
[EventRounds "9"]
[EventCountry "FRA"]
[SourceTitle "EXT 2006"]
[Source "ChessBase"]
[SourceDate "2005.11.24"]
[SourceVersion "1"]
[SourceVersionDate "2005.11.24"]
[SourceQuality "1"]

1. e4 c5 2. Nf3 Nc6 3. d4 cxd4 4. Nxd4 Nf6 5. Nc3 e5 6. Ndb5 d6 7. Bg5 a6 8. Na3 b5 9. Bxf6 gxf6 10. Nd5 f5 11. c3 Bg7 12. exf5 Bxf5 13. Nc2 0-0 14. Nce3 Be6 15. g3 f5 16. Qh5 Rb8 17. Bg2 b4 18. 0-0 bxc3 19. bxc3 Ne7 20. Rad1 Nxd5 21. Bxd5 Bxd5 22. Rxd5 f4 23. Nf5 fxg3 24. hxg3 Rf6 25. Rfd1 Bf8 26. Rxe5 Rb2 27. Qg5+ Kh8 28. Re6 1-0

[Event "Pic d'Anie op 1st"]
[Site "Arette"]
[Date "2004.08.??"]
[Round "5"]
[White "Galby, Vassili"]
[Black "Berard, Jean Claude"]
[Result "1-0"]
[WhiteElo "1720"]
[BlackElo "1910"]
[PlyCount "93"]
[EventDate "2004.08.??"]
[EventType "swiss"]
[EventRounds "7"]
[EventCountry "FRA"]
[SourceTitle "EXT 2007"]
[Source "ChessBase"]
[SourceDate "2006.11.23"]
[SourceVersion "1"]
[SourceVersionDate "2006.11.23"]
[SourceQuality "1"]

1. e4 e6 2. d4 d5 3. Nc3 Nf6 4. e5 Nfd7 5. f4 a6 6. Nf3 c5 7. Be3 Nc6 8. Qd2 Qa5 9. Ne2 Qxd2+ 10. Kxd2 c4 11. g4 b5 12. c3 b4 13. f5 Nb6 14. Bh3 Na4 15. Rab1 h6 16. fxe6 Bxe6 17. Nf4 g5 18. Nxe6 fxe6 19. Bf1 Rb8 20. Be2 Be7 21. Kc2 Kd7 22. Bd2 Rhf8 23. h4 bxc3 24. bxc3 Rxb1 25. Rxb1 Rg8 26. hxg5 hxg5 27. Rh1 Rb8 28. Bc1 Nd8 29. Rh8 Rb6 30. Bd1 Nf7 31. Rg8 Rb5 32. a3 Rb6 33. Rg7 Ke8 34. Nxg5 Nxg5 35. Bxg5 Bxa3 36. Kd2 Rb2+ 37. Bc2 Ra2 38. Ra7 Nb6 39. Bf6 Nd7 40. g5 Nf8 41. Ra8+ Kf7 42. Ra7+ Ke8 43. Rb7 Ng6 44. Kd1 Ra1+ 45. Bb1 Bf8 46. Kd2 Nf4 47. g6 1-0

[Event "Pic d'Anie op 1st"]
[Site "Arette"]
[Date "2004.08.??"]
[Round "4"]
[White "Guignier, Nicolas"]
[Black "Galby, Vassili"]
[Result "1/2-1/2"]
[WhiteElo "2106"]
[BlackElo "1720"]
[PlyCount "44"]
[EventDate "2004.08.??"]
[EventType "swiss"]
[EventRounds "7"]
[EventCountry "FRA"]
[SourceTitle "EXT 2007"]
[Source "ChessBase"]
[SourceDate "2006.11.23"]
[SourceVersion "1"]
[SourceVersionDate "2006.11.23"]
[SourceQuality "1"]

1. e4 c5 2. Nf3 Nc6 3. d4 cxd4 4. Nxd4 Nf6 5. Nc3 e5 6. Ndb5 d6 7. Bg5 a6 8. Na3 b5 9. Bxf6 gxf6 10. Nd5 f5 11. Bxb5 axb5 12. Nxb5 Ra4 13. Nbc7+ Kd7 14. b4 Qh4 15. 0-0 Rxb4 16. g3 Rg8 17. c3 f4 18. Kh1 fxg3 19. fxg3 Qxe4+ 20. Kg1 Kd8 21. cxb4 Nd4 22. Rf2 Bb7 1/2-1/2